<The> Fairness of the Current System of Building Lands Taxation in the Context of Market Prices - Case of Slovakia

Stavebné pozemky na Slovensku a ich trhové ceny v kontexte systému zdaňovania nehnuteľností.

Na minha lista:
Detalhes bibliográficos
Autor principal: Dluhoš, Martin, 1991-
Outros Autores: Kočkovičová, Jana, 1989-
Formato: Capítulo de Livro
Idioma:inglês
Assuntos:
Tags: Adicionar Tag
Sem tags, seja o primeiro a adicionar uma tag!

MARC

LEADER 00000naa a2200000 4500
001 0246430
005 20240502073945.0
041 0 |a eng 
044 |a SK 
245 1 0 |a <The> Fairness of the Current System of Building Lands Taxation in the Context of Market Prices - Case of Slovakia  |c Martin Dluhoš, Jana Kočkovičová 
520 |a Stavebné pozemky na Slovensku a ich trhové ceny v kontexte systému zdaňovania nehnuteľností. 
610 2 0 |a Slovensko 
610 2 0 |a pozemky 
610 2 0 |a ceny trhové 
610 2 0 |a zdaňovanie 
610 2 0 |a trh 
610 2 0 |a nehnuteľnosti 
100 1 |a Dluhoš, Martin, 1991- 
700 1 |a Kočkovičová, Jana, 1989-